Responsabilidad social universitaria: una manera de ser universidad: teoría y práctica en la experiencia chilena

Bewaard in:
Bibliografische gegevens
Hoofdauteurs: Fernández, Carola (Auteur), Delpiano, Catalina (Auteur), De Ferari, José Manuel (Auteur)
Formaat: Boek
Taal:Spaans
Gepubliceerd in: Santiago Corporación Participa 2006
Reeks:Universidad Construye País, 4
Onderwerpen:
Tags: Voeg label toe
Geen labels, Wees de eerste die dit record labelt!

MARC

LEADER 00000cam a2200000 a 4500
001 UCG1749
003 CL-VaPUC
008 100520e20060000CL |||||||||||||||||spa|d
020 |a 9568140085 
082 0 4 |a 658.408  |b FER  |2 21 
100 0 |a Fernández, Carola  |e author  |9 549742 
700 0 |a Delpiano, Catalina  |e author  |9 549743 
700 0 |a De Ferari, José Manuel  |e author  |9 549744 
245 1 0 |a Responsabilidad social universitaria: una manera de ser universidad: teoría y práctica en la experiencia chilena 
300 |a 397 p 
942 |c BK 
945 |d 20100520 00:00:00  |a rbrito 
260 |a Santiago  |b Corporación Participa  |c 2006 
650 7 |a RESPONSABILIDAD SOCIAL UNIVERSITARIA  |2 CL-VaPUC  |9 549745 
650 0 |a Educación superior   |9 223851 
650 7 |a FORMACION PROFESIONAL DE DOCENTES  |2 CL-VaPUC  |9 329594 
583 |a last modification  |c 20140107 04:30:45  |k Rodrigo Vera 
490 0 |a Universidad Construye País, 4 
999 |c 341012  |d 341010 
952 |0 0  |1 0  |4 0  |6 658_408000000000000_FER_2006  |7 0  |8 A  |9 436225  |a BIBEDU  |b BIBEDU  |d 2019-11-22  |i 4675630  |o 658.408 FER 2006  |p 4675630  |r 2019-11-22  |w 2019-11-22  |y BK  |k EPE 
952 |0 0  |1 0  |3 erb  |4 0  |6 658_408000000000000_FER_2006  |7 0  |8 A  |9 436226  |a BIBCUR  |b BIBCUR  |i 5038936  |o 658.408 FER 2006  |p 5038936  |r 2025-04-22  |w 2019-11-22  |y BK  |z Catalogado en:20140109  |k BCB